000 00612nam a2200205 a 4500
003 MX-MxUPN
005 20241001063945.0
008 991125s1916 xxu r 000 0 eng d
035 _aUPN01000045754
040 _aMX-MxUPN
_bspa
_cMX-MxUPN
041 0 _aeng
050 1 4 _aBF321
_bD86
100 1 _aDumont, Theron Q.
_948862
245 1 4 _aThe power of concentration
260 _aChicago :
_bAdvanced Thought,
_c1916.
300 _a186 páginas ;
_c19 cm.
650 4 _aAtención
_98528
710 2 _aInstituto Nacional de Investigación Educativa (México)
_epropietario anterior
_928086
942 _2lcc
_cLIBRO
999 _c45754
_d45754